000
00285nam a22001337a 4500
008
180907b xxu||||| |||| 00| 0 eng d
020
_a
9781133611097
041
_a
eng
080
_2
9 ED
_a
541
100
_a
12
101
_a
KIM
245
_a
Chemistry
_c
Zumdahl.z
942
_2
udc
_c
BK
999
_c
47603
_d
47603